Detalles MARC
| 000 -CABECERA |
| campo de control de longitud fija |
03960nam a2200397 i 4500 |
| 001 - NÚMERO DE CONTROL |
| campo de control |
000039434 |
| 003 - IDENTIFICADOR DEL NÚMERO DE CONTROL |
| campo de control |
DO-SdBNP |
| 005 - FECHA Y HORA DE LA ÚLTIMA TRANSACCIÓN |
| campo de control |
20251121132244.0 |
| 007 - CAMPO FIJO DE DESCRIPCIÓN FÍSICA--INFORMACIÓN GENERAL |
| campo de control de longitud fija |
ta |
| 008 - DATOS DE LONGITUD FIJA--INFORMACIÓN GENERAL |
| campo de control de longitud fija |
130627s2005 dr 000 0 spa d |
| 020 ## - NÚMERO INTERNACIONAL ESTÁNDAR DEL LIBRO |
| Número Internacional Estándar del Libro |
9945412159 |
| 040 ## - FUENTE DE LA CATALOGACIÓN |
| Centro catalogador/agencia de origen |
DO-SdBNP |
| Lengua de catalogación |
spa |
| Centro/agencia transcriptor |
BNPHU |
| Normas de descripción |
rda |
| 041 ## - CÓDIGO DE LENGUA |
| Código de lengua del texto/banda sonora o título independiente |
spa |
| 082 #4 - NÚMERO DE LA CLASIFICACIÓN DECIMAL DEWEY |
| Número de clasificación |
320.98 |
| Número de documento/Ítem |
E56a |
| Número de edición |
22 |
| 111 2# - ENTRADA PRINCIPAL--NOMBRE DE CONGRESO/REUNIÓN |
| Nombre de congreso/reunión o jurisdicción como elemento de entrada |
Encuentro del Grupo Biarritz |
| Número del congreso/reunión o número de parte o sección |
(1 : |
| Fecha del congreso/reunión |
2003, nov. 26 -28 : |
| Sede del congreso/Lugar de la reunión |
Francia) |
| 9 (RLIN) |
65637 |
| 245 10 - MENCIÓN DE TÍTULO |
| Título |
América Latina : |
| Resto del título |
¿gobernabilidad amenazada? / |
| Mención de responsabilidad, etc. |
prólogo, Didier Borotra ; ilustraciones, Yoel Bordas ; edición, Miryam López ; corrección, Alejandro Castelli |
| 250 ## - MENCIÓN DE EDICIÓN |
| Mención de edición |
Primera edición |
| 264 #4 - PRODUCCIÓN, PUBLICACIÓN, DISTRIBUCIÓN, FABRICACIÓN Y COPYRIGHT |
| Producción, publicación, distribución, fabricación y copyright |
Santo Domingo : |
| Nombre del de productor, editor, distribuidor, fabricante |
Ediciones FUNGLODE; |
| -- |
Corporación Escenarios, |
| Fecha de producción, publicación, distribución, fabricación o copyright |
©2005. |
| 300 ## - DESCRIPCIÓN FÍSICA |
| Extensión |
xviii, 281 páginas : |
| Otras características físicas |
ilustraciones ; |
| Dimensiones |
24 cm. |
| 336 ## - TIPO DE CONTENIDO |
| Término de tipo de contenido |
texto |
| Código de tipo de contenido |
txt |
| Fuente |
rdacontent |
| 337 ## - TIPO DE MEDIO |
| Nombre/término del tipo de medio |
sin mediación |
| Código del tipo de medio |
n |
| Fuente |
rdamedia |
| 338 ## - TIPO DE SOPORTE |
| Nombre/término del tipo de soporte |
volumen |
| Código del tipo de soporte |
nc |
| Fuente |
rdacarrier |
| 505 0# - NOTA DE CONTENIDO CON FORMATO |
| Nota de contenido con formato |
Prólogo xi -- Introducción xvii -- PARTE I -- Documento de discusión. Gobernabilidad en América Latina: actores y escenarios Ernesto Samper -- Modelo de desarrollo de América Latina y la globalización - Corporación escenarios -- Análisis histórico de la opinión sobre la gobernabilidad en América Latina 1996-2002 - Corporación Escenarios -- PARTE II -- Gobernabilidad y globalización - Rodrigo Borja Cevallos -- Siempre se puede hacer algo - Alain Touraine -- Gobernabilidad local y global Alain Juppe -- Gobernabilidad y localidad - Bertrand Delanoe -- Gobernabilidad y su componente urbano - Jaime Ravinet de la Fuente -- PARTE III -- Luces y sombras de las reformas estructurales latinoamericanas - José Antonio Ocampo -- La descentralización en América Latina: un ingrediente de la gobernabilidad - Juan Camilo Restrepo -- Dos bloques ate la gobernabilidad - Marco Aurelio García -- América Latina: del estado pasivo a los estados desarrollistas - José Serra -- PARTE IV -- Seguridad hemisférica_ amenazas crónicas, nuevvos desafíos y respuestas pendientes - Horacio Serpa Uribe -- La gobernabilidad empieza por casa - José Angel Gurría -- De la modernización autoritaria a la modernización democrática: el reto de la actualización institucional en México - Roberto Madrazo Pintado -- Seguridad ciudadana: mucho más que seguridad - Marcelo Ebrard -- La ingobernabilidad en Centroamérica - Tomás Borge -- El mejor camino para Bolivia - Gonzalo Sánchez de Losada -- Diálogo político y zona de paz: reinstauración de la gobernabilidad en Bolivia - Horst Grebe -- Responsabilidad de la gobernabilidad en América Latina - Andrés Zaldívar -- Gobernabilidad en América Latina: el caso de Chile - Isabel Allende -- Gobernabilidad en América Latina: entre el autismo estatal y la democracia callejera - Rosario Green -- Una nueva institucionalidad social como garantía de una gobernabilidad inclusiva, Patricia Bullrih. |
| 505 0# - NOTA DE CONTENIDO CON FORMATO |
| Nota de contenido con formato |
PARTE V -- La nueva Constitución Europea - Alain Lamassoure -- Europa y la consolidación de la democracia en América Latina - Juan José Lucas -- Democracia y política - Carlo Binetti -- América Latina: hacia la articulación del Estado - Manuel Marín -- La Unión Europea y la gobernabilidad - José Iganacio Salafranca Sánchez-Neyra -- Epílogo . |
| 590 ## - NOTA LOCAL (RLIN) |
| Nota local |
Inventariado, 2018/LP |
| 650 #4 - PUNTO DE ACCESO ADICIONAL DE MATERIA--TÉRMINO DE MATERIA |
| Término de materia o nombre geográfico como elemento de entrada |
Medios de comunicación de masas |
| Subdivisión general |
Aspectos políticos |
| -- |
República Dominicana |
| 9 (RLIN) |
65638 |
| Subdivisión de forma |
Congresos, conferencias, etc. |
| 650 #4 - PUNTO DE ACCESO ADICIONAL DE MATERIA--TÉRMINO DE MATERIA |
| Término de materia o nombre geográfico como elemento de entrada |
Estabilidad política |
| Subdivisión geográfica |
América Latina |
| 9 (RLIN) |
65639 |
| Subdivisión de forma |
Congresos, conferencias, etc. |
| 651 #4 - PUNTO DE ACCESO ADICIONAL DE MATERIA--NOMBRE GEOGRÁFICO |
| Nombre geográfico |
América Latina |
| Subdivisión general |
Política y gobierno |
| 9 (RLIN) |
53280 |
| Subdivisión de forma |
Congresos, conferencias, etc. |
| 700 1# - PUNTO DE ACCESO ADICIONAL--NOMBRE DE PERSONA |
| Nombre de persona |
Borotra, Didier, |
| Término indicativo de función/relación |
prologuista |
| Código de función/relación |
pr. |
| 9 (RLIN) |
65640 |
| 700 1# - PUNTO DE ACCESO ADICIONAL--NOMBRE DE PERSONA |
| Nombre de persona |
Bordas, Yoel, |
| Término indicativo de función/relación |
ilustrador |
| Código de función/relación |
il. |
| 9 (RLIN) |
88813 |
| 700 1# - PUNTO DE ACCESO ADICIONAL--NOMBRE DE PERSONA |
| Nombre de persona |
López, Miryam, |
| Término indicativo de función/relación |
editor |
| Código de función/relación |
ed. |
| 9 (RLIN) |
88814 |
| 700 1# - PUNTO DE ACCESO ADICIONAL--NOMBRE DE PERSONA |
| Nombre de persona |
Castelli, Alejandro, |
| Término indicativo de función/relación |
corrector |
| Código de función/relación |
corr. |
| 9 (RLIN) |
88815 |
| 710 22 - PUNTO DE ACCESO ADICIONAL--NOMBRE DE ENTIDAD CORPORATIVA |
| Nombre de entidad corporativa o nombre de jurisdicción como elemento de entrada |
Fundación Global Democracía y Desarrollo |
| 9 (RLIN) |
25477 |
| 910 ## - DATOS DE OPCIÓN DEL USUARIO (OCLC) |
| Datos de opción del usuario |
Validado. Control de calidad EMS |
| 942 ## - ELEMENTOS DE PUNTO DE ACCESO ADICIONAL (KOHA) |
| Fuente del sistema de clasificación o colocación |
Dewey Decimal Classification |
| Tipo de ítem Koha |
Libro |